| 000 | 01210nam a2200349Ia 4500 | ||
|---|---|---|---|
| 001 | dia_116 | ||
| 003 | CHAP | ||
| 005 | 20221206142525.0 | ||
| 008 | 220117s1998 xx 000 0 und d | ||
| 010 | _a170548 | ||
| 020 | _a84-481-1259-8 | ||
| 040 | _cCHAP | ||
| 082 | _a005.3697 B63 1998 | ||
| 100 |
_aBoctor, David S. _9147240 |
||
| 245 |
_aMicrosoft Office 97 Visual Basic paso a paso / _c David S. Boctor ; traducción José Angel Vallejo Pinto |
||
| 260 |
_aMadrid, España : _b McGraw-Hill, _c1998 |
||
| 300 | _axxviii, 345 p. | ||
| 500 | _aTítulo original: Microsoft Office 97/Visual Basic step by step | ||
| 503 | _aI. 199069 | ||
| 590 | _aHF5548.4.M525 B63 1998 | ||
| 650 |
_aBusiness _xComputer programs _9147152 |
||
| 650 |
_aNegocios _xProgramas para computadora _9147156 |
||
| 650 |
_aVisual Basic ( Computer file) _9147241 |
||
| 650 |
_aVisual Basic (Programa para computadora) _9147242 |
||
| 650 |
_aWorld Wide Web _9147243 |
||
| 650 |
_aWorld Wide Web _9147244 |
||
| 700 |
_aVallejo Pinto, José Ángel, tr. _9147245 |
||
| 901 | _a005.3697 B63 1998 | ||
| 902 | _aM | ||
| 905 | _a5232271998 sp Anl 8222223322spa16 | ||
| 942 |
_cLIBRO _2ddc |
||
| 999 |
_c170548 _d170548 |
||